| 000 | 00595nam a2200241 a 4500 | ||
|---|---|---|---|
| 999 |
_c4984 _d4984 |
||
| 001 | 4984 | ||
| 003 | BD-JhCC | ||
| 005 | 20171206130801.0 | ||
| 008 | 171206s19852007h a|||| || | 000 0 eng d | ||
| 020 | _a033339884 | ||
| 035 | _a(BD-JhCC)4984 | ||
| 040 |
_aBD-JhCC _dBD-JhCC |
||
| 041 | _aeng | ||
| 082 |
_a822.33 _bSHA 2007 |
||
| 100 | _aShakespeare, William | ||
| 245 |
_aJulius Ceasar / _cWilliam Shakespeare, |
||
| 250 | _a7Th Ed. | ||
| 260 |
_aHong Kong : _bMacmillan, _c2007. |
||
| 300 |
_a104 p. : _bill. ; _c27 cm. |
||
| 650 | _aEnglish Drama | ||
| 942 |
_2ddc _cBK |
||